Civil engineering construction design and management / (Record no. 527201)

000 -LEADER
fixed length control field 00429nam a22001457a 4500
020 ## - INTERNATIONAL STANDARD BOOK NUMBER
International Standard Book Number 978-93-8631-400-0
040 ## - CATALOGING SOURCE
Transcribing agency NUST
082 ## - DEWEY DECIMAL CLASSIFICATION NUMBER
Classification number 620.0068
Author Mark SHA
100 ## - MAIN ENTRY--PERSONAL NAME
Personal name Sharma, Shivsharan
9 (RLIN) 18341
245 ## - TITLE STATEMENT
Title Civil engineering construction design and management /
Statement of responsibility, etc. Shivsharan Sharma.
260 ## - PUBLICATION, DISTRIBUTION, ETC.
Place of publication, distribution, etc. New Delhi :
Name of publisher, distributor, etc. Random Publications,
Date of publication, distribution, etc. 2019.
300 ## - PHYSICAL DESCRIPTION
Extent ill, 264 p. ;
Dimensions 22 cm.
500 ## - GENERAL NOTE
General note Includes Indexes.
942 ## - ADDED ENTRY ELEMENTS (KOHA)
Source of classification or shelving scheme
Koha item type Book
Holdings
Withdrawn status Lost status Source of classification or shelving scheme Damaged status Not for loan Permanent Location Current Location Date acquired Full call number Barcode Date last seen Copy number Price effective from Koha item type
          NUST Baluchistan Campus (NBC) NUST Baluchistan Campus (NBC) 07/23/2019 620.0068 SHA Q-280 07/23/2019 1 07/23/2019 Book
          NUST Baluchistan Campus (NBC) NUST Baluchistan Campus (NBC) 07/25/2019 620.0068 SHA Q-281 07/25/2019 2 07/25/2019 Book
© 2023 Central Library, National University of Sciences and Technology. All Rights Reserved.